[Event "Stuttgart-chB int"]
[Site "Ditzingen"]
[Date "2008.05.01"]
[Round "1"]
[White "Kang, Moon Gu"]
[Black "Mack, Markus"]
[Result "1-0"]
[WhiteElo "1797"]
[BlackElo "1599"]
[PlyCount "70"]
[EventDate "2008.05.01"]
[EventType "swiss"]
[EventRounds "7"]
[EventCountry "GER"]
[SourceTitle "EXT 2018"]
[Source "ChessBase"]
[SourceDate "2017.10.13"]
[SourceVersion "1"]
[SourceVersionDate "2017.10.13"]
[SourceQuality "1"]

1. Nf3 c5 2. g3 g6 3. Bg2 Bg7 4. 0-0 Nc6 5. e4 d6 6. c3 Nf6 7. Re1 0-0 8. h3 Nd7 9. d4 cxd4 10. cxd4 Qb6 11. d5 Nce5 12. Nc3 Nxf3+ 13. Qxf3 Ne5 14. Qe2 Qc5 15. Bf1 a6 16. Be3 Qa5 17. f4 Nd7 18. a3 b5 19. b4 Qd8 20. Rac1 Nb6 21. Qf2 Nc4 22. Bxc4 bxc4 23. g4 Bd7 24. Bd4 Rc8 25. Bxg7 Kxg7 26. Qd4+ Kg8 27. e5 e6 28. Ne4 dxe5 29. fxe5 exd5 30. Nf6+ Kg7 31. Nxd7 Qh4 32. Re3 c3 33. e6+ f6 34. Nxf8 Rc4 35. Qa7+ Kh6 1-0